Súčasný slovenský spisovný jazyk : lexikológia : vysokoškolská učebnica pre filozofické a pedagogické fakulty vysokých škôl /

Main Author: Ondrus, Pavel, 1919-1980
Other Authors: Furdík, Juraj, 1935-2002, Horecký, Ján, 1920-2006
Language: Slovak
Published: Bratislava : Slovenské pedagogické nakladateľstvo, 1980
Edition: 1. vyd.
Physical Description: 225 s.
Book
Saved in:
LEADER 01751nam a22003252a 4500
001 000069574
003 CZ BrMZK
005 20210605214443.0
007 ta
008 020702s1980 xo f |||| 0 slo d
040 |a BOA001  |b cze 
100 1 |a Ondrus, Pavel,  |d 1919-1980  |7 mzk2002144017  |4 aut 
245 1 0 |a Súčasný slovenský spisovný jazyk :  |b lexikológia : vysokoškolská učebnica pre filozofické a pedagogické fakulty vysokých škôl /  |c Pavel Ondrus, Ján Horecký, Juraj Furdík 
250 |a 1. vyd. 
260 |a Bratislava :  |b Slovenské pedagogické nakladateľstvo,  |c 1980 
300 |a 225 s. 
700 1 |a Furdík, Juraj,  |d 1935-2002  |7 mzk2004258389  |4 aut 
700 1 |a Horecký, Ján,  |d 1920-2006  |7 jn20000603005  |4 aut 
910 |a BOA001  |b PK-0087.863  |b 2-0818.965 
920 |a 000207237 
964 |a Slovenština - lexikologie - učebnice slovenské - školy vysoké 
990 |a BK 
996 7 |b 2619836845  |c 2-0818.965  |l MZK  |r Sklad / do 1 hodiny  |n 0  |w 000069574  |u 000040  |a 1  |e BOA001  |j MZK50  |s A 
996 7 |b 2619836846  |c 2-0818.965  |l MZK  |r Sklad / do 1 hodiny  |n 0  |w 000069574  |u 000050  |a 1  |e BOA001  |j MZK50  |s A 
996 7 |b 2619836847  |c 2-0818.965  |l MZK  |r Sklad / do 1 hodiny  |n 0  |w 000069574  |u 000060  |a 1  |e BOA001  |j MZK50  |s A 
996 7 |b 2619836848  |c 2-0818.965  |l MZK  |r Sklad / do 1 hodiny  |n 2  |w 000069574  |u 000070  |a 1  |e BOA001  |j MZK50  |s A 
996 7 |b 2619836849  |c 2-0818.965  |l MZK  |r Sklad / do 1 hodiny  |n 0  |w 000069574  |u 000080  |a 1  |e BOA001  |j MZK50  |s A 
996 7 |b 2619924207  |c 2-0818.965  |l MZK  |r Sklad / do 1 hodiny  |n 6  |w 000069574  |u 000030  |a 1  |e BOA001  |j MZK50  |s A 
996 7 |b 3119835247  |c PK-0087.863  |l MZK  |r Sklad / do 1 hodiny  |n 10  |w 000069574  |u 000020  |a 1  |e BOA001  |j MZK50  |s A 
996 7 |b 3119964711  |c PK-0087.863  |l MZK  |r Sklad / do 1 hodiny  |n 11  |w 000069574  |u 000010  |a 1  |e BOA001  |j MZK50  |s A